Online
Catalog

Al oeste del la Kivú, los gorilas se suicidaban en manadas mumerosísimas / (Record no. 18810)

MARC details
000 -CABECERA
campo de control de longitud fija 00810nam a2200229 a 4500
001 - NÚMERO DE CONTROL
campo de control 000019292
005 - FECHA Y HORA DE LA ÚLTIMA TRANSACCIÓN
campo de control 20200929165956.0
008 - DATOS DE LONGITUD FIJA--INFORMACIÓN GENERAL
campo de control de longitud fija 100531s1993 sp a 000 0 spa d
020 ## - NÚMERO INTERNACIONAL ESTÁNDAR DEL LIBRO
Número Internacional Estándar del Libro 8478201483
040 ## - FUENTE DE LA CATALOGACIÓN
Centro catalogador/agencia de origen DO-SdBNP
Lengua de catalogación spa
Centro/agencia transcriptor BNPHU
082 ## - NÚMERO DE LA CLASIFICACIÓN DECIMAL DEWEY
Número de clasificación 861.44
Número de documento/Ítem G633a
049 ## - FONDOS LOCALES (OCLC)
Fondos de biblioteca BNGR
100 1# - ENTRADA PRINCIPAL--NOMBRE DE PERSONA
Nombre de persona Gómez, Julio Antonio
Fechas asociadas al nombre 1933-1988
9 (RLIN) 41490
245 10 - MENCIÓN DE TÍTULO
Título Al oeste del la Kivú, los gorilas se suicidaban en manadas mumerosísimas /
Mención de responsabilidad, etc. Julio Antonio Gómez ; edición y prólogo Antonio Pérez Lasheras.
260 ## - PUBLICACIÓN, DISTRIBUCIÓN, ETC.
Lugar de publicación, distribución, etc. Zaragoza, España :
Nombre del editor, distribuidor, etc. Instituto Fernando el Católico,
Fecha de publicación, distribución, etc. 1993.
300 ## - DESCRIPCIÓN FÍSICA
Extensión 67 p. :
Otras características físicas il. ;
Dimensiones 1993.
490 1# - MENCIÓN DE SERIE
Mención de serie San Jorge
Designación de volumen o secuencia 66
650 #4 - PUNTO DE ACCESO ADICIONAL DE MATERIA--TÉRMINO DE MATERIA
Término de materia o nombre geográfico como elemento de entrada Poesía española
9 (RLIN) 631
650 #4 - PUNTO DE ACCESO ADICIONAL DE MATERIA--TÉRMINO DE MATERIA
Término de materia o nombre geográfico como elemento de entrada Literatura española
9 (RLIN) 632
700 1# - PUNTO DE ACCESO ADICIONAL--NOMBRE DE PERSONA
Nombre de persona Pérez lasheras, Antonio
Término indicativo de función/relación ed.
9 (RLIN) 41491
830 #0 - PUNTO DE ACCESO ADICIONAL DE SERIE-TÍTULO UNIFORME
Título uniforme San Jorge ;
Designación de volumen o secuencia 66
9 (RLIN) 14367
Holdings
Estado de retiro Estado de pérdida Restricciones de uso No para préstamo Código de colección Localización permanente Ubicación/localización actual Ubicación en estantería Fecha de adquisición Número de inventario Total de préstamos Signatura topográfica completa Código de barras Fecha visto por última vez Precio válido a partir de Tipo de ítem Koha Número de copia
        Monografías: Libros y Folletos General General En catalogación 31.05.2010 LF1   861.44 G633a 19292-10 25.06.2020 25.06.2020 Préstamo en sala  
      Préstamo restrigido Monografías: Libros y Folletos General General En catalogación 31.05.2010 LF1   861.44 G633a 19292-20 25.06.2020 25.06.2020 Préstamo en sala e. 2

Powered by Koha